00327nam a2200133Ia 4500008004100000020001500041041001200056082001600068100001800084245003600102260003500138300000800173650001200181221030s9999 xx 000 0 und d a0074637517 aEnglish a105.23bMoh aMohan Krishna 0aEffective English Communication bMcGraw-Hill Pub.aNew Delhic0 a328 aEnglish